000
00334nam a2200133Ia 4500
008
231129s9999||||xx |||||||||||||| ||spa||
020
_a
84-8280-988-1
040
_b
spa
082
_a
U813 M873a
100
_a
Morrell David
245
0
_a
Acorralado
264
_a
La Oveja Negra
942
_2
ddc
_c
BKS
999
_c
4497
_d
4497